Normal view
MARC view
Entry Personal Name
001 - CONTROL NUMBER
- control field: 33056
003 - CONTROL NUMBER IDENTIFIER
- control field: OSt
005 - DATE AND TIME OF LATEST TRANSACTION
- control field: 20160116173812.0
008 - FIXED-LENGTH DATA ELEMENTS
- fixed length control field: 160116|| aca||aabn | a|a d
040 ## - CATALOGING SOURCE
- Original cataloging agency: OSt
- Transcribing agency: OSt
100 ## - HEADING--PERSONAL NAME
- Personal name: Bhatt R.K
670 ## - SOURCE DATA FOUND
- Source citation: Work cat.: (OSt): Bhatt R.K, Globalization India And The World, 2011









